LIBRARY & INFORMATION CENTRE, KCAET, TAVANUR

ONLINE PUBLIC ACCESS CATALOGUE (OPAC)

Technology for utilization of rice husk ash as an alternate material for concrete hollow blocks (Record no. 15027)

MARC details
000 -LEADER
fixed length control field 00725nam a22001697a 4500
003 - CONTROL NUMBER IDENTIFIER
control field OSt
088 ## - REPORT NUMBER
Report number P 112
100 ## - MAIN ENTRY--AUTHOR NAME
Personal name AKHILA G. MOHAN
-- LAKSHMI V. PRABHAKAR
-- SMITHA ARAVINDAN
-- SMITHA G. NAIR
245 ## - TITLE STATEMENT
Title Technology for utilization of rice husk ash as an alternate material for concrete hollow blocks
260 ## - PUBLICATION, DISTRIBUTION, ETC. (IMPRINT)
Place of publication Tavanur 2001
Name of publisher Kelappaji College of Agricultural Engineering and Technology
300 ## - PHYSICAL DESCRIPTION
Number of Pages 51
500 ## - GENERAL NOTE
General note Technology for utilization of rice husk ash as an alternate material for concrete hollow blocks
520 ## - SUMMARY, ETC.
Summary, etc Technology for utilization of rice husk ash as an alternate material for concrete hollow blocks
700 ## - ADDED ENTRY--PERSONAL NAME
Personal name Dr. V Ganesn (Guide)
942 ## - ADDED ENTRY ELEMENTS (KOHA)
Koha item type Project Report
Holdings
Collection code Home library Current library Shelving location Full call number Accession Number Koha item type
Reference KAUAET KAUAET Reference 631.56 AKH/TE P 112 Project Report
free website counter